<?xml version="1.0" encoding="UTF-8"?>
<record
    xmlns:xsi="http://www.w3.org/2001/XMLSchema-instance"
    xsi:schemaLocation="http://www.loc.gov/MARC21/slim http://www.loc.gov/standards/marcxml/schema/MARC21slim.xsd"
    xmlns="http://www.loc.gov/MARC21/slim">

  <leader>02087cam a22002894a 4500</leader>
  <controlfield tag="001">12842413</controlfield>
  <controlfield tag="005">20231108100642.0</controlfield>
  <controlfield tag="008">020703s2003    paua     b    001 0 eng  </controlfield>
  <datafield tag="010" ind1=" " ind2=" ">
    <subfield code="a">  2002073172</subfield>
  </datafield>
  <datafield tag="020" ind1=" " ind2=" ">
    <subfield code="a">0781735238 (alk. paper)</subfield>
  </datafield>
  <datafield tag="042" ind1=" " ind2=" ">
    <subfield code="a">pcc</subfield>
  </datafield>
  <datafield tag="050" ind1="0" ind2="0">
    <subfield code="a">RT41.L53 (5e)</subfield>
    <subfield code="b"> 2003</subfield>
  </datafield>
  <datafield tag="100" ind1="1" ind2=" ">
    <subfield code="a">Hood, Lucy J.</subfield>
    <subfield code="9">524</subfield>
  </datafield>
  <datafield tag="240" ind1="1" ind2="0">
    <subfield code="a">Conceptual bases of professional nursing</subfield>
  </datafield>
  <datafield tag="245" ind1="1" ind2="0">
    <subfield code="a">Leddy &amp; Pepper's conceptual bases of professional nursing /</subfield>
    <subfield code="c">Lucy Jane Hood, Susan Kun Leddy.</subfield>
  </datafield>
  <datafield tag="250" ind1=" " ind2=" ">
    <subfield code="a">5th ed.</subfield>
  </datafield>
  <datafield tag="260" ind1=" " ind2=" ">
    <subfield code="a">Philadelphia :</subfield>
    <subfield code="b">Lippincott Williams &amp; Wilkins,</subfield>
    <subfield code="c">c2003.</subfield>
  </datafield>
  <datafield tag="300" ind1=" " ind2=" ">
    <subfield code="a">xvi, 591 p. :</subfield>
    <subfield code="b">ill. ;</subfield>
    <subfield code="c">24 cm.</subfield>
  </datafield>
  <datafield tag="504" ind1=" " ind2=" ">
    <subfield code="a">Includes bibliographical references and index.</subfield>
  </datafield>
  <datafield tag="505" ind1=" " ind2=" ">
    <subfield code="a">Content:  The dynamic of professional development -- The professional nurse -- Contextual and philosophic elements of professional nursing -- The health care delivery system -- Socialization into professional practice -- The professional self-concept: development and care -- Career development -- The knowledge of professional practice: Patterns of knowing and nursing science -- Nursing models and theories -- Developing and using nursing knowledge through research -- Professional nurse processes -- The health process and self-care of the nurse -- Environmental health -- Informatics and technology in nursing practice -- The professional nurse nurse's role in public policy -- Nursing approaches to client system -- Professional nurse accountability -- Community health nursing: concepts and career opportunities -- Diverse and international communities -- Professional communication to English helping and healing relationships -- The professional nurse's role in teaching and learning -- Professional nursing leadership -- Shaping the future of nursing.</subfield>
  </datafield>
  <datafield tag="650" ind1=" " ind2="0">
    <subfield code="a">Nursing.</subfield>
    <subfield code="9">102</subfield>
  </datafield>
  <datafield tag="700" ind1="1" ind2=" ">
    <subfield code="a">Leddy, Susan.</subfield>
    <subfield code="9">2733</subfield>
  </datafield>
  <datafield tag="700" ind1="1" ind2=" ">
    <subfield code="a">Pepper, J. Mae.</subfield>
    <subfield code="9">2734</subfield>
  </datafield>
  <datafield tag="700" ind1="1" ind2=" ">
    <subfield code="a">Leddy, Susan.</subfield>
    <subfield code="t">Conceptual bases of professional nursing.</subfield>
    <subfield code="9">2735</subfield>
  </datafield>
  <datafield tag="942" ind1=" " ind2=" ">
    <subfield code="2">lcc</subfield>
    <subfield code="c">BK</subfield>
  </datafield>
  <datafield tag="999" ind1=" " ind2=" ">
    <subfield code="c">10190</subfield>
    <subfield code="d">17690</subfield>
  </datafield>
  <datafield tag="952" ind1=" " ind2=" ">
    <subfield code="0">0</subfield>
    <subfield code="1">0</subfield>
    <subfield code="2">lcc</subfield>
    <subfield code="4">0</subfield>
    <subfield code="7">0</subfield>
    <subfield code="a">WIUC-KL</subfield>
    <subfield code="b">WIUC-KL</subfield>
    <subfield code="c">NURS L.</subfield>
    <subfield code="d">2023-11-08</subfield>
    <subfield code="l">0</subfield>
    <subfield code="o">RT41.L53(5e)</subfield>
    <subfield code="p">KSN/714/714/19</subfield>
    <subfield code="r">2023-11-08 00:00:00</subfield>
    <subfield code="t">1</subfield>
    <subfield code="w">2023-11-08</subfield>
    <subfield code="y">BK</subfield>
  </datafield>
  <datafield tag="952" ind1=" " ind2=" ">
    <subfield code="0">0</subfield>
    <subfield code="1">0</subfield>
    <subfield code="2">lcc</subfield>
    <subfield code="4">0</subfield>
    <subfield code="7">0</subfield>
    <subfield code="a">WIUC-KL</subfield>
    <subfield code="b">WIUC-KL</subfield>
    <subfield code="c">NURS L.</subfield>
    <subfield code="d">2023-11-08</subfield>
    <subfield code="l">0</subfield>
    <subfield code="o">RT41.L531(5e)</subfield>
    <subfield code="p">KSN/934/934/19</subfield>
    <subfield code="r">2023-11-08 00:00:00</subfield>
    <subfield code="t">2</subfield>
    <subfield code="w">2023-11-08</subfield>
    <subfield code="y">BK</subfield>
  </datafield>
</record>
